• James Stafford

di Personal Name

Records bibliografici associati: 1

001 - CONTROL NUMBER

  • control field: 28875

003 - CONTROL NUMBER IDENTIFIER

  • control field: IT-RoPau

005 - DATE AND TIME OF LATEST TRANSACTION

  • control field: 20140611160437.0

008 - FIXED-LENGTH DATA ELEMENTS

  • fixed length control field: 140611|| aca||aabn | a|a d

040 ## - CATALOGING SOURCE

  • Original cataloging agency: IT-RoPau
  • Transcribing agency: IT-RoPau

100 ## - HEADING--PERSONAL NAME

  • Personal name: James Stafford
  • Miscellaneous information: Codice autore musica SPICS: 16229
  • Relator term: Autore musica
  • Name of part/section of a work: Game

670 ## - SOURCE DATA FOUND

  • Source citation: Work cat.: (IT-RoPau)99318: AA.VV. 794, Enja Story 1972 To 1992: Twenty Years In Modern jazz
CREDITS: SOCIETA' SAN PAOLO Via A.Severo, 58 - ROMA (RM) & PERIODICI SAN PAOLO SRL Via Giotto, 36 MILANO & CISF Via Giotto, 36 MILANO & EDIZIONI SAN PAOLO SRL,  Piazza Soncino, 5 CINISELLO BALSAMO (MI) -- ITALY